Southville International School and Colleges
Your cart is empty.
  • Cart
  • Lists
    Public lists Eva Luna New books Lux_list list_1
    Your lists Log in to create your own lists
  • Log in to your account
  • Your cookies
  • Search history
Southville International School and Colleges
  • Advanced search
  • Recent comments
  • Most popular
  • Libraries

Log in to your account

Log in with GOOGLE


If you do not have an external account, but do have a local account, you can still log in:

  1. Home
  2. MARC view: ActivPhysics 1 /
Normal view MARC view ISBD view

ActivPhysics 1 / (Record no. 109803)

[ view plain ]
MARC details
000 -LEADER
fixed length control field 00401nam a2200157 a 4500
005 - DATE AND TIME OF LATEST TRANSACTION
control field 20140414093849.0
008 - FIXED-LENGTH DATA ELEMENTS--GENERAL INFORMATION
fixed length control field 120308s19uu xx uuu eng d
020 ## - INTERNATIONAL STANDARD BOOK NUMBER
International Standard Book Number 0201846209
050 ## - LIBRARY OF CONGRESS CALL NUMBER
Classification number CDR 530
Item number ACT 1997
100 ## - MAIN ENTRY--PERSONAL NAME
Personal name Van heuvelen, Alan
245 ## - TITLE STATEMENT
Title ActivPhysics 1 /
Statement of responsibility, etc Alan van Heuvelen.
260 ## - PUBLICATION, DISTRIBUTION, ETC. (IMPRINT)
Place of publication, distribution, etc USA :
Name of publisher, distributor, etc Addison Wesley,
Date of publication, distribution, etc 1997.
650 ## - SUBJECT ADDED ENTRY--TOPICAL TERM
Topical term or geographic name as entry element Physics
942 ## - ADDED ENTRY ELEMENTS (KOHA)
Koha item type Audio Visual Materials
Holdings
Withdrawn status Lost status Damaged status Home library Current library Shelving location Date acquired Source of acquisition Total Checkouts Full call number Barcode Date last seen Price effective from Koha item type
      Luxembourg Library Luxembourg Library Audio Visual Material Section 03/08/2012     CDR 530 ACT 1997 AV1482 04/14/2014 04/14/2014 Audio Visual Materials

ActivPhysics 1 /

APA

Van heuvelen A., . (1997). ActivPhysics 1. USA: Addison Wesley.

Chicago

Van heuvelen Alan, . 1997. ActivPhysics 1. USA: Addison Wesley.

Harvard

Van heuvelen A., . (1997). ActivPhysics 1. USA: Addison Wesley.

MLA

Van heuvelen Alan, . ActivPhysics 1. USA: Addison Wesley. 1997.

  • Place hold
  • Print
  • Cite
  • Add to your cart (remove)
  • Save record
    BIBTEX Dublin Core MARCXML MARC (non-Unicode/MARC-8) MARC (Unicode/UTF-8) MARC (Unicode/UTF-8, Standard) MODS (XML) RIS
  • More searches
    Search for this title in:
    Other Libraries (WorldCat) Other Databases (Google Scholar) Online Stores (Bookfinder.com) Open Library (openlibrary.org)

Exporting to Dublin Core...

SOUTHVILLE LIBRARY

Southville International School and Colleges Library

1281 Tropical Ave. Cor. Luxembourg St., BF Homes International, Las Pinas City

Tel. No. 8256374 / 252358 Loc. 117/146

Powered by Koha